High purity - Inorganics metal ceramics organo - metallics reagents single crystals stable isotopes
Zapisane w:
| Format: | Książka |
|---|---|
| Język: | Undetermined |
| Wydane: |
NewYork
Atomergic Chemetals
|
| Hasła przedmiotowe: | |
| Etykiety: |
Dodaj etykietę
Nie ma etykietki, Dołącz pierwszą etykiete!
|
| Thư viện lưu trữ: | Trung tâm Học liệu Trường Đại học Cần Thơ |
|---|
| LEADER | 00474nam a2200157Ia 4500 | ||
|---|---|---|---|
| 001 | CTU_23491 | ||
| 008 | 210402s9999 xx 000 0 und d | ||
| 082 | |a 016.54 | ||
| 082 | |b H638 | ||
| 245 | 0 | |a High purity - Inorganics metal ceramics organo - metallics reagents single crystals stable isotopes | |
| 260 | |a NewYork | ||
| 260 | |b Atomergic Chemetals | ||
| 650 | |a Chemical | ||
| 650 | |x Catalog | ||
| 904 | |i Truc | ||
| 980 | |a Trung tâm Học liệu Trường Đại học Cần Thơ | ||